000
00297nam a2200121Ia 4500
008
190216s9999||||xx |||||||||||||| ||und||
100
_a
Prasad K N
245
0
_a
Lectures On Micro Economic Theory
260
_b
Himalaya Publishing House
_c
1987
300
_a
808p
650
_a
Economics
942
_c
BK
999
_c
9780
_d
9780